00325nam a2200145Ia 4500003000400000005001700004008004000021040000700061041001200068082001600080100002100096245001200117260004200129300000800171OSt20220914163109.0210210b2004 xxu||||| |||| 00| 0 eng d cAL aEnglish a657.15 ICFF aICFAI UNIVERSITY aFinance aHyderabadbThe ICFAI Universityc2004 a280